000 00337nam a2200145Ia 4500
008 150201s2002 xx 000 0 und d
082 _a610
_bO02C
100 _aCYRIX , JAMES
245 _aTB. OF ORTHOPAEDICS MEDICINE -1
250 _a11TH
260 _bAITBS
_aDELHI
_c2002
300 _a1-502
650 _aMEDICINE
942 _2ddc
_cBK
999 _c1517
_d1517